Perder la cabeza. Ensayo sobre la obra de Adolfo Couve.

שמור ב:
מידע ביבליוגרפי
מחבר ראשי: Cruz, Francisco (autor)
פורמט: ספר
יצא לאור: Valparaíso, Chile: Ediciones Universitarias de Valparaíso, 2019.
סדרה:Colección cuadrado negro.
נושאים:
תגים: הוספת תג
אין תגיות, היה/י הראשונ/ה לתייג את הרשומה!

MARC

LEADER 00000nam a22000007a 4500
003 CL-VaPUC
005 20230912101012.0
008 230809t2019 ||||| |||| 00| 0 eng d
999 |c 441552  |d 441550 
040 |c Pontificia Universidad Católica de Valparaíso 
082 0 4 |2 22  |a 759.983 CRU 2019 
100 1 |a Cruz, Francisco  |9 554476  |e autor 
245 1 0 |a Perder la cabeza.  |b Ensayo sobre la obra de Adolfo Couve. 
260 |a Valparaíso, Chile:  |b Ediciones Universitarias de Valparaíso,  |c 2019. 
300 |a 227 páginas. 
490 0 |a Colección cuadrado negro. 
500 |a c.1 Donación Prof. Constanza Jarpa Luco. Memo ART 05/2023 
583 |c 20230809  |k Catalogador Asistente 
600 |a Couve, Adolfo  |d 1940-1998  |x Crítica e interpretación  |9 884187 
650 1 |a Pintores chilenos  |y Siglo 20  |9 870144 
650 1 |a Ensayos chilenos  |9 269132 
942 |2 ddc  |c BK 
952 |0 0  |1 0  |2 ddc  |4 0  |6 759_983000000000000_CRU_2019  |7 0  |8 A  |9 591195  |a BIBART  |b BIBART  |d 2023-08-09  |e Donación  |i 5658367  |o 759.983 CRU 2019  |p 5658367  |r 2025-03-13  |t 1  |w 2023-08-09  |y BK  |k ART